000 00792nam a22002297a 4500
005 20180504172532.0
010 _aENG-122889
020 _a9789385926501
_c500.00
035 _aEN-106421
037 _bDBAD/PUB.
082 _a511.5
245 _aProceedings of the national seminar on recent trends in graph theory & combinatorics :
_ced. by K.S. Lakshmi; M.S. Malathy; S. Indira [and] R.A. Lukshmi
_bGTCOMB-2016 /
260 _aNew Delhi
_bAllied Publishers Private
_c2017
270 _a1/13-14 Asaf Ali Road ,
_bNew Delhi
_e110002
300 _axx, 192p.
_c24cm (pbk)
_bill.
500 _aIt include author index
700 _aLakshmi, K.S.
700 _aMalathy, M.S.
700 _aIndira, S.
700 _a Lukshmi, R.A.
942 _2ddc
_cEN
_h511.5
_mPRO
999 _c151891
_d151891